De legibus / (Record no. 148784)

MARC details
000 -LEADER
campo de control de longitud fija 01029nam a2200277 4500
001 - NÚMERO DE CONTROL
campo de control 148784
003 - IDENTIFICADOR DE NÚMERO DE CONTROL
campo de control ES-MaACL
005 - FECHA Y HORA DE LA ÚLTIMA TRANSACCIÓN
campo de control 20230906202814.0
007 - CAMPO FIJO DE DESCRIPCIÓN FÍSICA--INFORMACIÓN GENERAL
campo de control de longitud fija t|
008 - DATOS DE LONGITUD FIJA--INFORMACIÓN GENERAL
campo de control de longitud fija 070214m19711981sp r ||||1| spa d
100 1# - ENTRADA PRINCIPAL--NOMBRE DE PERSONA
Nombre de persona Suárez, Francisco.
9 (RLIN) 108560
245 10 - MENCIÓN DEL TÍTULO
Título De legibus /
Mención de responsabilidad, etc. Francisco Suárez.
250 ## - MENCION DE EDICION
Mención de edición Ed. crítica bilingüe
Resto de la mención de edición por Luciano Pereña... [et al.].
260 ## - PUBLICACIÓN, DISTRIBUCIÓN, ETC.
Lugar de publicación, distribución, etc. Madrid :
Nombre del editor, distribuidor, etc. Instituto Francisco de Vitoria,
Fecha de publicación, distribución, etc. 1971-81.
300 ## - DESCRIPCIÓN FÍSICA
Extensión 6 v. ;
Dimensiones 21 cm.
500 ## - NOTA GENERAL
Nota general Contiene: I . De natura legis ---- II . De legis obligatione ---- III . De lege naturali ---- IV . De iure gentium ---- V. De civili potestate ---- VII . De lege positiva canonica ----- [Falta el t. VI]
700 1# - ENTRADA AGREGADA--NOMBRE PERSONAL
Nombre de persona Pereña, Luciano.
9 (RLIN) 90516
710 2# - ENTRADA AGREGADA--NOMBRE DE ENTIDAD CORPORATIVA
Nombre de entidad corporativa o nombre de jurisdicción como elemento de entrada Instituto Francisco de Vitoria.
9 (RLIN) 3245
740 0# - ENTRADA AGREGADA--TÍTULO RELACIONADO/ANALÍTICO NO CONTROLADO
Título relacionado o analítico no controlado De natura legis.
740 0# - ENTRADA AGREGADA--TÍTULO RELACIONADO/ANALÍTICO NO CONTROLADO
Título relacionado o analítico no controlado De legis obligatione.
740 0# - ENTRADA AGREGADA--TÍTULO RELACIONADO/ANALÍTICO NO CONTROLADO
Título relacionado o analítico no controlado De lege naturali.
740 0# - ENTRADA AGREGADA--TÍTULO RELACIONADO/ANALÍTICO NO CONTROLADO
Título relacionado o analítico no controlado De iure gentium.
740 0# - ENTRADA AGREGADA--TÍTULO RELACIONADO/ANALÍTICO NO CONTROLADO
Título relacionado o analítico no controlado De civili potestate.
740 0# - ENTRADA AGREGADA--TÍTULO RELACIONADO/ANALÍTICO NO CONTROLADO
Título relacionado o analítico no controlado De lege positiva canonica.
852 ## - LOCALIZACIÓN
Ubicación ES-MaACL
Número de control de estantería P-1782
Holdings
Estatus retirado Estado de pérdida Estado de daño No para préstamo Biblioteca de origen Biblioteca actual Ubicación en estantería Fecha de adquisición Fuente de adquisición Total de préstamos Signatura topográfica completa Código de barras Visto por última vez Precio de reemplazo Tipo de ítem Koha
        Biblioteca del Ateneo de Madrid Biblioteca del Ateneo de Madrid Depósito 2 17/01/2008     P-1782 1155266 23/02/2023 23/02/2023 Libro impreso